| 000 | 00537nam a22001937a 4500 | ||
|---|---|---|---|
| 003 | OSt | ||
| 005 | 20220107122838.0 | ||
| 008 | 180426b xxu||||| |||| 00| 0 eng d | ||
| 020 | _a9789387766013 | ||
| 040 | _cIIITMK | ||
| 082 | _a004 | ||
| 245 |
_aComputer science and information technology: _bGATE 2019 |
||
| 260 |
_aNew Delhi, _bG K Publications, _c2019. |
||
| 440 |
_aGate prep series:GATE 2019 _913973 |
||
| 650 |
_aCOMPUTER SCIENCE _913974 |
||
| 650 |
_aINFORMATION TECHNOLOGY _913975 |
||
| 650 |
_aGATE _913976 |
||
| 942 |
_2ddc _cBK |
||
| 999 |
_c6040 _d6040 |
||